000 00391nam a2200157Ia 4500
005 20240620013840.0
008 240331s9999 xx 000 0 und d
082 _bGAN
_a891.48
100 _aGanesalingan, S
245 0 _aVathaiyin kaathai :
_banniya manithargal
260 _aChennai
_bKumaran Publishers
_c1995
300 _a172 p .,
650 _aPolitical
650 _aLaws
942 _cL
999 _c3934
_d3934